书目信息 |
| 题名: |
会讲故事才能当好领导
|
|
| 作者: | 汪建民 编著 | |
| 分册: | ||
| 出版信息: | 北京 北京工业大学出版社 2015 |
|
| 页数: | 257页 | |
| 开本: | 24cm | |
| 丛书名: | ||
| 单 册: | ||
| 中图分类: | C933-49 | |
| 科图分类: | ||
| 主题词: | 领导学--ling dao xue--通俗读物 | |
| 电子资源: | ||
| ISBN: | 978-7-5639-4291-6 | |
| 000 | 00817nam0 22002291 450 | |
| 001 | 0120082110 | |
| 005 | 20170320082110.0 | |
| 010 | @a978-7-5639-4291-6@dCNY30.00 | |
| 100 | @a20150717d2015 em y0chiy50 ea | |
| 101 | 0 | @achi |
| 102 | @aCN@b110000 | |
| 105 | @ay z 000yy | |
| 106 | @ar | |
| 200 | 1 | @a会讲故事才能当好领导@9hui jiang gu shi cai neng dang hao ling dao@f汪建民编著 |
| 210 | @a北京@c北京工业大学出版社@d2015 | |
| 215 | @a257页@d24cm | |
| 330 | @a本书精选了中外许多通俗易懂、发人深省的职场故事、寓言故事、典范故事。全书分别从心态、自信、目标、责任、沟通、执行、挫折、合作、创新等九个方面进行阐述。 | |
| 606 | 0 | @a领导学@9ling dao xue@j通俗读物 |
| 690 | @aC933-49@v5 | |
| 701 | 0 | @a汪建民@9wang jian min@c(图书编辑)@4编著 |
| 801 | 0 | @aCN@bTANGWEI@c20170308 |
| 905 | @b0956020-3@dC933-49@e560@f4 | |
| 会讲故事才能当好领导/汪建民编著.-北京:北京工业大学出版社,2015 |
| 257页;24cm |
| ISBN 978-7-5639-4291-6:CNY30.00 |
| 本书精选了中外许多通俗易懂、发人深省的职场故事、寓言故事、典范故事。全书分别从心态、自信、目标、责任、沟通、执行、挫折、合作、创新等九个方面进行阐述。 |
| ● |
| 相关链接 |
|
|
|
|
正题名:会讲故事才能当好领导
索取号:C933-49/560
 
预约/预借
| 序号 | 登录号 | 条形码 | 馆藏地/架位号 | 状态 | 备注 |
| 1 | 0956020 | 209560205 | 第一样本阅览室/ [索取号:C933-49/560] | 在馆 | |
| 2 | 0956021 | 209560214 | 第一借阅区/ [索取号:C933-49/560] | 在馆 | |
| 3 | 0956022 | 209560223 | 第一借阅区/ [索取号:C933-49/560] | 在馆 | |
| 4 | 0956023 | 209560232 | 第一借阅区/ [索取号:C933-49/560] | 在馆 |